000 01002cam a2200217 i 4500
005 20251210103335.0
008 250721r2016 jo gr 000 0 ara d
020 _a9789957233587
082 1 4 _a216.23
_bم ر ج
100 1 _aالمرجاني، شهاب الدين بن هارون بن بهاء
_d(1306-1233)ه،
_eمؤلف.
245 1 0 _aحق المعرفة و حسن الإدراك بما يلزم في وجوب الفطر و الإمساك و تليها رسائل اخرى /
_cتاليف العلامة شهاب الدين بن بهاء الدين المرجاني القزاني.
250 _aالطبعة الاولى.
264 3 1 _aعمان :
_bدار الفتح للدراسات والنشر،
_c2016.
300 _a365صفحة.
650 1 7 _aالصوم.
650 1 7 _aالعبادة.
650 1 7 _aالاعذار المبيحة للفطر.
700 1 _aالحنفي، لؤي بن عبد الرؤوف الخليليي
_eمحقق.
942 _2ddc
_cBK
999 _c135918
_d135918